Góp phần nghiên cứu thành phần hóa học cao cloroform ly trích từ cây cỏ ban (Hypericum japonicum) họ ban (Hypericaceae) : Chuyên ngành: hóa học hữu cơ

Nội dung đề tài thành phần hóa học của các cao khác ly trích từ cây Cỏ ban, bằng việc sử dụng phương pháp ly trích hiện đại có sử dụng cột Sephadex LH 20 và cột sắc ký pha đảo trong phân lập những hợp chất thích hợp với phương pháp này....

Deskribapen osoa

Gorde:
Xehetasun bibliografikoak
Egile nagusia: Nguyễn, Thị Tuyết Nhung
Formatua: Liburua
Hizkuntza:Undetermined
Argitaratua: Cần Thơ Trường đại Học Cần Thơ 2008
Gaiak:
Etiketak: Etiketa erantsi
Etiketarik gabe, Izan zaitez lehena erregistro honi etiketa jartzen!
Thư viện lưu trữ: Trung tâm Học liệu Trường Đại học Cần Thơ
LEADER 01216nam a2200217Ia 4500
001 CTU_137292
008 210402s9999 xx 000 0 und d
082 |a 547 
082 |b Nh513 
088 |a 60440114 
100 |a Nguyễn, Thị Tuyết Nhung 
245 0 |a Góp phần nghiên cứu thành phần hóa học cao cloroform ly trích từ cây cỏ ban (Hypericum japonicum) họ ban (Hypericaceae) : 
245 0 |b Chuyên ngành: hóa học hữu cơ 
245 0 |c Nguyễn Thị Tuyết Nhung ; Nguyễn Công Hào giáo viên hướng dẫn 
260 |a Cần Thơ 
260 |b Trường đại Học Cần Thơ 
260 |c 2008 
520 |a Nội dung đề tài thành phần hóa học của các cao khác ly trích từ cây Cỏ ban, bằng việc sử dụng phương pháp ly trích hiện đại có sử dụng cột Sephadex LH 20 và cột sắc ký pha đảo trong phân lập những hợp chất thích hợp với phương pháp này. 
650 |a Hóa học hữu cơ,Chemistry,organic 
904 |i Tuyến 
980 |a Trung tâm Học liệu Trường Đại học Cần Thơ